[Event "XLIII WJun"]
[Site "Kochin IND"]
[Date "2004.11.23"]
[Round "7"]
[White "Tikkanen,H"]
[Black "Gupta,Ab"]
[Result "1/2-1/2"]
[WhiteElo "2338"]
[BlackElo "2412"]

1.d4 Nf6 2.c4 Nc6 3.Nf3 e6 4.g3 Bb4+ 5.Nbd2 d5 6.Bg2 dxc4 7.O-O c3 8.Nc4 cxb2
9.Bxb2 O-O 10.Rc1 Rb8 11.Qc2 Bd7 12.e4 b5 13.Ne3 Ba5 14.Rfd1 Ne7 15.d5 exd5
16.Bxf6 gxf6 17.Nxd5 Nxd5 18.Rxd5 Qe7 19.Nd4 Rfd8 20.Rh5 f5 21.exf5 Qf6 22.Nb3 Bb6
23.Nd2 Qe5 24.Ne4 Bxf5 25.g4 Bxe4 26.Bxe4 Qf4 27.Bf3 h6 28.Rf5 Qd2 29.Qxd2 Rxd2
30.Bd5 c5 31.Re1 Rf8 32.Re7 Kh8 33.Bxf7 Rd6 34.Be6 Rxf5 35.gxf5 Bd8 36.Rxa7 c4
37.Ra8 Kg7 38.Rc8 Bb6 39.a4 bxa4 40.Rxc4 a3 41.Ra4 Bc5 42.Ra5 Bb4 43.Ra4 Rb6
44.Ra7+ Kf6 45.Kg2 Bc5 46.Ra5 Bb4  1/2-1/2

[Event "XLIII WJun"]
[Site "Kochin IND"]
[Date "2004.11.30"]
[Round "13"]
[White "Quan Zhe"]
[Black "Gupta,Ab"]
[Result "1-0"]
[WhiteElo "2345"]
[BlackElo "2412"]

1.d4 Nf6 2.c4 Nc6 3.Nf3 e6 4.Nc3 Bb4 5.Qc2 d6 6.Bd2 O-O 7.a3 Bxc3 8.Bxc3 Re8
9.e3 a5 10.Be2 e5 11.dxe5 dxe5 12.O-O Bg4 13.h3 Bh5 14.b4 axb4 15.axb4 Rxa1
16.Rxa1 e4 17.Nd4 Bxe2 18.Qxe2 Ne5 19.Nb5 h6 20.Bxe5 Rxe5 21.Rd1 Qe7 22.Qd2 Kh7
23.Qd8 Qxb4 24.Qxc7 Re7 25.Qc8 Re5 26.Nd6 Qc5 27.Qxb7 Re6 28.Qc8 Qh5 29.Rd4 Re5
30.Qb7 Ra5 31.Qb1 Rg5 32.Nxe4 Nxe4 33.Qxe4+ f5 34.Qf4  1-0

[Event "Region Champ"]
[Site "Voronezh RUS"]
[Date "2004.12.03"]
[Round "1"]
[White "Sergienko,S"]
[Black "Lukovnikov,A"]
[Result "1-0"]
[WhiteElo "2433"]
[BlackElo "2351"]

1.d4 Nf6 2.c4 Nc6 3.Nf3 e6 4.g3 Bb4+ 5.Bd2 Qe7 6.Bg2 O-O 7.O-O Bxd2 8.Qxd2 d6
9.Nc3 a5 10.Rac1 e5 11.Nd5 Qd8 12.Rfd1 Bg4 13.dxe5 dxe5 14.Qe3 Bxf3 15.Bxf3 Rb8
16.Qg5 Re8 17.Nxf6+ Qxf6 18.Qxf6 gxf6 19.Be4 Nd4 20.Kf1 c6 21.e3 Ne6 22.c5 h6
23.h4 Red8 24.Rxd8+ Rxd8 25.Ke2 Kf8 26.b3 Ke7 27.a3 Nc7 28.Rc2 Ra8 29.Bd3 Ne6
30.Bc4 Nxc5 31.Bxf7 Kd6 32.Rc3 b5 33.b4 axb4 34.axb4 Ne4 35.Rc2 Ra3 36.Kf3 Nc3
37.Kg4 Ke7 38.Bg8 Kf8 39.Be6 Ke7 40.Bg8 Ne4 41.Bh7 Nd6 42.Rxc6 Rb3 43.Kh5 Rxb4
44.Kxh6 f5 45.Kg5 Rg4+ 46.Kh5 Rc4 47.Rb6 Rb4 48.f4 Nc4 49.Rb7+ Kf6 50.fxe5+ Kxe5
51.Kg5 Nxe3 52.Re7+ Kd4 53.Bxf5 Nxf5 54.Kxf5 Rb3 55.g4 Rf3+ 56.Kg6 b4 57.h5 b3
58.h6 Re3 59.Rb7  1-0

[Event "ch-IND"]
[Site "Visakhapatnam IND"]
[Date "2004.12.07"]
[Round "5"]
[White "Sriram,J"]
[Black "Gupta,Ab"]
[Result "1/2-1/2"]
[WhiteElo "2431"]
[BlackElo "2412"]

1.d4 Nf6 2.c4 Nc6 3.Nf3 e6 4.g3 Bb4+ 5.Bd2 Qe7 6.Nc3 O-O 7.Bg2 d6 8.Rc1 a5
9.O-O Bxc3 10.Bxc3 Ne4 11.d5 Nxc3 12.Rxc3 Nb4 13.a3 Na6 14.dxe6 fxe6 15.Nd4 e5
16.Nb5 Rd8 17.Re3 c6 18.Nc3 Be6 19.b3 Qc7 20.Kh1 Nc5 21.f4 Qb6 22.f5 Bf7
23.Ne4 Nxe4 24.Rxe4 d5 25.Rg4 dxc4 26.Qc1 Rd4 27.Rxd4 Qxd4 28.bxc4 Qxc4 29.Qg5 Bd5
30.f6 Bxg2+ 31.Kxg2 Qf7 32.Qxe5 Re8 33.Qxa5 Rxe2+ 34.Kg1 gxf6 35.Qd8+ Qe8
36.Qxf6 Qe3+ 37.Kh1 Qe4+ 38.Rf3 Qb1+ 39.Rf1 Qe4+  1/2-1/2

[Event "ch-IND"]
[Site "Visakhapatnam IND"]
[Date "2004.12.09"]
[Round "7"]
[White "Suvrajit,S"]
[Black "Gupta,Ab"]
[Result "0-1"]
[WhiteElo "2395"]
[BlackElo "2412"]

1.d4 Nf6 2.c4 Nc6 3.Nf3 e6 4.a3 d6 5.Nc3 g6 6.e4 Bg7 7.h3 O-O 8.Bg5 h6 9.Be3 Kh7
10.d5 Ne7 11.Be2 exd5 12.cxd5 c6 13.dxc6 bxc6 14.Qd2 d5 15.Rd1 Bb7 16.Qc2 Qe8
17.exd5 Nexd5 18.Nxd5 Nxd5 19.Bc5 Nf4 20.Bxf8 Ba6 21.Bxg7 Bxe2 22.Be5 Bxf3
23.gxf3 Qxe5+ 24.Qe4 Qf6 25.Rd2 Rb8 26.Kd1 Ne6 27.Qe2 Nd4 28.Rxd4 Qxd4+ 29.Kc1 Rb3
30.Rd1 Qf4+ 31.Kb1 Qxf3 32.Qc2 Qxh3 33.Qxc6 Qf5+ 34.Ka2 Rb6 35.Qd7 Qxd7 36.Rxd7 Rf6
37.Rxa7 h5 38.Rc7 h4 39.Rc1 g5 40.a4 Rxf2 41.a5 h3 42.Rh1 g4 43.Ka3 Kg7 44.b4 h2
45.a6 g3 46.a7 Rf3+ 47.Kb2 g2 48.Rc1 g1=Q 49.a8=Q Qxc1+ 50.Kxc1 h1=Q+  0-1

[Event "Master Open"]
[Site "Singapore SIN"]
[Date "2004.12.14"]
[Round "6"]
[White "Halay,T"]
[Black "Satyapragyan,S"]
[Result "0-1"]
[WhiteElo "2264"]
[BlackElo "2370"]

1.d4 Nf6 2.c4 Nc6 3.Nf3 e6 4.Nc3 Bb4 5.e3 O-O 6.Bd3 d6 7.O-O Bxc3 8.bxc3 e5
9.Qc2 h6 10.a4 Re8 11.Nd2 Qe7 12.Ba3 e4 13.Be2 Bf5 14.c5 d5 15.Rfb1 Rab8
16.Rb2 Qd7 17.Rab1 Qc8 18.Qc1 Nd8 19.c4 Be6 20.Qc2 Nc6 21.Rb5 a6 22.R5b2 h5
23.Bb4 h4 24.Bc3 h3 25.g3 Nh7 26.Qd1 Ng5 27.cxd5 Bxd5 28.Bg4 Be6 29.Bxe6 Qxe6
30.Rxb7 Rxb7 31.Rxb7 Ne7 32.Ba5 Nd5 33.Qe2 Qc6 34.Ra7 Qxa4 35.Qxa6 Rb8 36.Qe2 Qc2
37.Kf1 g6 38.f4 exf3 39.Nxf3 Qf5 40.g4 Rb1+ 41.Be1 Qxf3+ 42.Qxf3 Nxf3 43.Kf2 Nxe1
44.e4 Nf6 45.Rxc7 Nxe4+ 46.Ke3 Nf6 47.g5 Nd5+  0-1

[Event "20th Open"]
[Site "Nice FRA"]
[Date "2004.12.27"]
[Round "3"]
[White "Govciyan,P"]
[Black "Sulava,N"]
[Result "1/2-1/2"]
[WhiteElo "2291"]
[BlackElo "2477"]

1.d4 Nf6 2.c4 Nc6 3.Nf3 e6 4.g3 d5 5.Bg2 dxc4 6.Qa4 Bd7 7.Qxc4 Na5 8.Qd3 c5
9.O-O Bc6 10.Rd1 Be7 11.Nc3 O-O 12.e4 cxd4 13.Nxd4 Qb6 14.Qe2 e5  1/2-1/2

[Event "Russian Blitz Internet Cup Superfinal"]
[Site "chessassistantclub.com INT"]
[Date "2004.12.28"]
[Round "3"]
[White "Kosyrev,V"]
[Black "Vlassov,N"]
[Result "0-1"]
[WhiteElo "2539"]
[BlackElo "2492"]

1.d4 Nf6 2.c4 Nc6 3.Nf3 e6 4.g3 Bb4+ 5.Bd2 a5 6.Bg2 d6 7.O-O e5 8.Bg5 exd4
9.Nxd4 Ne5 10.Qc2 h6 11.Bxf6 Qxf6 12.Nc3 Bxc3 13.Qxc3 O-O 14.c5 dxc5 15.Qxc5 c6
16.e3 Rd8 17.Rad1 Bg4 18.f3 Bd7 19.Rd2 Be8 20.Rfd1 a4 21.h3 b6 22.Qxb6 Nc4
23.Qc5 Nxd2 24.Rxd2 Rd5 25.Qc3 c5 26.f4 cxd4 27.exd4 Rad8 28.Bxd5 Rxd5 29.Re2 Bc6
30.Re5 Rxe5 31.dxe5 Qe6 32.Qc5 Qd5 33.Qxd5 Bxd5 34.a3 Kf8 35.Kf2 Ke7 36.f5 Kd7
37.g4 Kc6 38.Ke3 Kc5 39.h4 Kc4 40.Kf4 Kb3 41.g5 hxg5+ 42.hxg5 Kxb2 43.e6 fxe6
44.f6 gxf6 45.gxf6 e5+ 46.Kxe5 Bb3 47.Kd4 Kxa3 48.Kc3 Ka2 49.Kb4 a3 50.Kc3 Bf7
51.Kc2 Bg6+ 52.Kc3 Kb1  0-1

[Event "Russian Blitz Internet Cup Superfinal"]
[Site "chessassistantclub.com INT"]
[Date "2004.12.28"]
[Round "18"]
[White "Sakaev,K"]
[Black "Vlassov,N"]
[Result "1/2-1/2"]
[WhiteElo "2669"]
[BlackElo "2492"]

1.d4 Nf6 2.c4 Nc6 3.Nf3 e6 4.e3 Bb4+ 5.Nbd2 a5 6.Bd3 d6 7.O-O e5 8.Ne4 d5
9.Nxf6+ gxf6 10.cxd5 Qxd5 11.e4 Qd7 12.Bb5 exd4 13.Nxd4 O-O 14.Bxc6 bxc6
15.Bh6 Rd8 16.Qf3 Qg4 17.Nxc6 Qxf3 18.gxf3 Rd3 19.Kh1 Bb7 20.Rg1+ Kh8 21.Bg7+ Kg8
22.Bxf6+ Kf8 23.Nxb4 axb4 24.Rg3 Ra6 25.Be5 f5 26.Rc1 fxe4 27.Rxc7 Rd1+ 28.Rg1 Rxg1+
29.Kxg1 Bd5 30.fxe4 Bxe4 31.Rc4 Bd5 32.Rxb4 Rxa2 33.Rb8+ Kf7 34.f4 Ke6 35.Rf8 Be4
36.Rf6+ Ke7 37.Kf2 Ra1 38.h4 Rh1 39.Rh6 Bg6 40.b4 Ke6 41.b5 Kf5 42.b6 Rb1
43.h5 Be8 44.Rxh7 Rxb6 45.h6 Bh5 46.Ke3 Rb3+ 47.Kd4 Be2 48.Rh8 Rd3+ 49.Kc5 Rh3
50.h7 Ke4 51.Kd6 Kf3 52.Ke6 Bd3 53.f5 Rh6+ 54.f6 Bxh7 55.Ke7 Rh5 56.Bd6 Bg6
57.Rxh5 Bxh5 58.f7 Bxf7 59.Kxf7  1/2-1/2

[Event "Czech Christmas"]
[Site "Litomysl CZE"]
[Date "2004.12.29"]
[Round "5"]
[White "Plachetka,J"]
[Black "Blatny,P"]
[Result "0-1"]
[WhiteElo "2435"]
[BlackElo "2454"]

1.d4 Nf6 2.c4 Nc6 3.Nf3 e6 4.g3 Bb4+ 5.Bd2 Qe7 6.Bg2 e5 7.dxe5 Ne4 8.Bxb4 Qxb4+
9.Nbd2 Nxd2 10.Qxd2 Qxd2+ 11.Kxd2 O-O 12.Kc3 Re8 13.e4 Nxe5 14.Nxe5 Rxe5
15.f4 Re7 16.e5 Rb8 17.Rad1 b6 18.Rd2 Bb7 19.Bxb7 Rxb7 20.Rhd1 c6 21.Rd6 Kf8
22.Kd4 Re6 23.Ke4 Rxd6 24.Rxd6 Ke7 25.Rd3 b5 26.c5 b4 27.Kd4 Rb5 28.Kc4 Ra5
29.Rd2 Rxa2 30.Kxb4 Ra1 31.Kc4 Ra4+ 32.Kc3 g5 33.b4 Ra3+ 34.Kb2 Re3 35.fxg5 Rxe5
36.h4 Re4 37.Kc3 Re3+ 38.Rd3 Rxd3+ 39.Kxd3 d5 40.cxd6+ Kxd6 41.Ke4 c5 42.bxc5+ Kxc5
43.Kf5 a5 44.Kf6 a4 45.Kxf7 a3 46.h5 a2 47.g6 hxg6 48.hxg6 a1=Q 49.g7 Qa2+
50.Kf8 Qf2+  0-1

[Event "Oceania zt"]
[Site "Auckland NZL"]
[Date "2005.02.04"]
[Round "9"]
[White "Reilly,T"]
[Black "Steadman,M"]
[Result "1/2-1/2"]
[WhiteElo "2302"]
[BlackElo "2222"]

1.d4 Nf6 2.c4 Nc6 3.Nf3 e6 4.Nc3 Bb4 5.e3 Bxc3+ 6.bxc3 O-O 7.Bd3 d6 8.e4 e5
9.Bg5 h6 10.Bh4 Bg4 11.d5 Nb8 12.h3 Bd7 13.g4 g5 14.Nxg5 hxg5 15.Bxg5 Na6
16.O-O c6 17.f4 Qb6+ 18.Kh1 Nh7 19.Bh6 Rfd8 20.fxe5 dxe5 21.Qf3 Be8 22.g5 Rd6
23.Qg3 Qc7 24.Qxe5 Rxh6 25.Qxc7 Rxh3+ 26.Qh2 Rxh2+ 27.Kxh2 Nc5 28.Bc2 Nd7
29.Rf5 Nhf8 30.e5 Rc8 31.d6 Ng6 32.Re1 Ngf8 33.Ref1 Rd8 34.c5 Ne6 35.Bb3 Nexc5
36.Bxf7+ Bxf7 37.Rxf7 Nxe5 38.Re7 Ng6 39.Rc7 Rxd6 40.Rc8+ Kg7 41.Rc7+ Rd7
42.Rxd7+ Nxd7 43.Rd1 Nge5 44.Kg3 Nc5 45.Kf4 Nc4 46.Rh1 b5 47.Rh6 Nd3+ 48.Ke4 Nde5
49.Re6 a5 50.Rxe5 Nxe5 51.Kxe5 c5 52.Kd5 b4 53.cxb4 cxb4 54.Kc4 Kg6 55.Kb5 Kxg5
56.Kxa5 Kf6 57.Kxb4 Ke7  1/2-1/2

[Event "FSIMB February"]
[Site "Budapest HUN"]
[Date "2005.02.05"]
[Round "1"]
[White "Rombaldoni,D"]
[Black "Toth,Li"]
[Result "0-1"]
[WhiteElo "2244"]
[BlackElo "2159"]

1.d4 Nf6 2.c4 Nc6 3.Nf3 e6 4.g3 Bb4+ 5.Bd2 Qe7 6.Nc3 O-O 7.Bg2 d6 8.O-O a5
9.Qc2 Bxc3 10.Bxc3 e5 11.d5 Nb8 12.a3 a4 13.Rfd1 Nbd7 14.Bb4 b6 15.Nd2 Ng4
16.e4 Nh6 17.Rf1 f5 18.f4 exf4 19.Rxf4 g5 20.Rff1 f4 21.gxf4 gxf4 22.Kh1 Ne5
23.Nf3 Nhg4 24.Rg1 Kh8 25.Qe2 Rf6 26.Nxe5 Nxe5 27.Bc3 Bg4 28.Qf2 f3 29.Bf1 Rg8
30.Rg3 Bh5 31.Rxg8+ Kxg8 32.Qh4 Qf7 33.Bxe5 dxe5 34.Qf2 Rg6 35.Bh3 Qf4 36.Re1 Bg4
37.Bxg4 Rxg4 38.Rg1 Qxe4 39.Rf1 Rf4 40.h3 Qxc4 41.Rg1+ Kf8 42.Qg3 Qxd5 43.Kh2 f2
44.Qg7+ Ke8 45.Rf1 Rf7 46.Qg8+ Ke7 47.Qg5+ Kf8 48.Qh6+ Ke8 49.Qg5 Qd6 50.Qg8+ Ke7
51.Qg4 e4+ 52.Kh1 Qf4 53.Qc8 e3 54.Qa6 Qf3+  0-1

[Event "5th It"]
[Site "Pulvermuehle GER"]
[Date "2005.02.07"]
[Round "4"]
[White "Mchedlishvili,M"]
[Black "Brener,I"]
[Result "1/2-1/2"]
[WhiteElo "2515"]
[BlackElo "2321"]

1.d4 Nf6 2.c4 Nc6 3.Nf3 e6 4.a3 d6 5.Nc3 g6 6.g3 Bg7 7.Bg2 O-O 8.O-O Re8
9.e3 a5 10.Rb1 d5 11.b3 b6 12.Bb2 Bb7 13.Qc2 Qe7 14.Rbc1 Rac8 15.Ne2 Ne4
16.Nf4 Nb8 17.Nd2 Nxd2 18.Qxd2 Red8 19.Rfd1 c6 20.c5 bxc5 21.Rxc5 e5 22.Ne2 Nd7
23.Rxa5 c5 24.Ra7 Nb8 25.dxe5 Nc6 26.Rxb7 Qxb7 27.Bxd5 Rxd5 28.Qxd5 Rd8 29.Qxd8+ Nxd8
30.Rxd8+ Bf8 31.Nc1 Qc7  1/2-1/2

[Event "5th It"]
[Site "Pulvermuehle GER"]
[Date "2005.02.08"]
[Round "6"]
[White "Braun,A"]
[Black "Brener,I"]
[Result "1-0"]
[WhiteElo "2463"]
[BlackElo "2321"]

1.d4 Nf6 2.c4 Nc6 3.Nf3 e6 4.Bf4 Bb4+ 5.Nbd2 d6 6.a3 Bxd2+ 7.Qxd2 O-O 8.Bg5 Re8
9.e3 h6 10.Bh4 a5 11.Qc2 e5 12.dxe5 dxe5 13.c5 Qe7 14.Be2 Bg4 15.Bxf6 Qxf6
16.h3 Bh5 17.Rd1 e4 18.Nd4 Nxd4 19.Rxd4 Bxe2 20.Qxe2 Qg5 21.O-O Qxc5 22.Rfd1 Re7
23.Qd2 Kh7 24.Rd5 Qb6 25.Qc2 Qe6 26.f4 f6 27.R1d4 b6 28.Kh2 Rae8 29.g4 Qc8
30.Qd1 c5 31.Rd2 Qc6 32.h4 c4 33.Qc2 b5 34.R2d4 c3 35.bxc3 b4 36.axb4 axb4
37.c4 Qb7 38.Rb5 Qc8 39.Kg3 Qa8 40.Rxb4 Ra7 41.c5 Ra2 42.Qc4 Ra1 43.Ra4 Rg1+
44.Kf2 Qc8 45.Kxg1 Qxg4+ 46.Kf2 Qf3+ 47.Ke1 Rb8 48.Rb4 Ra8 49.Rb1 Ra3 50.Kd2 Ra2+
51.Qxa2 Qf2+ 52.Kc3 Qxa2 53.Rb3 f5 54.c6 Qa5+ 55.Kb2 Qc7 56.Rc4 Kg6 57.Rb7 Qc8
58.Kc2 Kh5 59.c7 Qxb7 60.c8=Q Qd5 61.Qc5 Qd3+ 62.Kb2 g6 63.Rc2 Kg4 64.Qc3 Qb5+
65.Qb3 Qa5 66.Rc3 Kxh4 67.Qd1 Qb4+ 68.Rb3 Qc4 69.Ka1 g5 70.Rb2 Qc3 71.Kb1 Qd3+
72.Qxd3 exd3 73.Rh2+ Kg3 74.Rxh6 g4  1-0

[Event "FSIMB February"]
[Site "Budapest HUN"]
[Date "2005.02.12"]
[Round "8"]
[White "Katsuhara,O"]
[Black "Nagy,Ben"]
[Result "1/2-1/2"]
[WhiteElo "2083"]
[BlackElo "2349"]

1.d4 Nf6 2.c4 Nc6 3.Nf3 e6 4.Nc3 Bb4 5.Qc2 Qe7 6.a3 Bxc3+ 7.Qxc3 O-O 8.Bg5 d6
9.e3 h6 10.Bh4 e5 11.dxe5 dxe5 12.Be2 g5 13.Bg3 Ne4 14.Qc2 Bf5 15.Qb3 a5
16.Qxb7 Qe6 17.Qb3 a4 18.Qa2 Rab8 19.Rd1 Rb6 20.Nd2 Nc5 21.O-O Rfb8 22.Bf3 Rxb2
23.Qa1 e4 24.Be2 Rc2 25.f3 Rbb2 26.fxe4 Nxe4 27.Nxe4 Qxe4 28.Bf3 Qxe3+ 29.Kh1 Nd4
30.Rfe1 Qc3 31.Rxd4 Qxd4 32.Be5 Qf2 33.Rf1 Qd2 34.Rd1 Qf2 35.Rd8+ Kh7 36.Rh8+ Kg6
37.Rg8+ Kh7 38.Rg7+ Kh8 39.Rxg5+ Kh7 40.Rg7+ Kh8 41.Rg5+ Kh7  1/2-1/2

[Event "III Festival Olimpico"]
[Site "Salinas ECU"]
[Date "2005.02.20"]
[Round "5"]
[White "Hellsten,J"]
[Black "Blatny,P"]
[Result "0-1"]
[WhiteElo "2554"]
[BlackElo "2456"]

1.d4 Nf6 2.c4 Nc6 3.Nf3 e6 4.Nc3 Bb4 5.e3 d6 6.Qc2 Bxc3+ 7.Qxc3 a5 8.Be2 Qe7
9.O-O e5 10.d5 Nb8 11.Nd2 Nbd7 12.b3 O-O 13.a3 h6 14.b4 b6 15.Bb2 Nh7 16.Nb3 a4
17.Nd2 f5 18.f4 e4 19.g4 Ndf6 20.gxf5 Bxf5 21.Kh1 Bg4 22.Rae1 Rf7 23.Rg1 h5
24.Qc2 Bd7 25.Rg2 Re8 26.Reg1 Bh3 27.Rg3 Qd7 28.Qd1 Bg4 29.Nb1 Ree7 30.Nc3 Bf3+
31.Bxf3 exf3 32.Qxf3 Ng4 33.Bc1 Qf5 34.e4 Qf6 35.Qg2 Qd4 36.h3 Nf2+ 37.Kh2 Nxe4
38.Nxe4 Qxe4 39.Qxe4 Rxe4 40.Bb2 Ree7 41.R1g2 Kf8 42.f5 Nf6 43.Rg5 h4 44.Bxf6 Rxf6
45.Rh5 Kg8 46.b5 Re5 47.Rxh4 Rfxf5 48.Rhg4 Re7 49.R2g3 Rf2+ 50.Kg1 Rb2 51.Kf1 Kf8
52.Rg5 Rf7+ 53.Ke1 Rff2 54.Rxg7 Rh2 55.Rg8+ Kf7 56.R8g7+ Kf6 57.R3g6+ Ke5
58.Rg5+ Kd4 59.Rg4+ Kd3 60.Rg3+ Kxc4  0-1

[Event "TCh-BEL 2004-5"]
[Site "Belgium BEL"]
[Date "2005.03.06"]
[Round "10"]
[White "Pucher,O"]
[Black "Beuselinck,S"]
[Result "0-1"]
[WhiteElo "2303"]
[BlackElo "2119"]

1.d4 Nf6 2.c4 Nc6 3.Nf3 e6 4.a3 d5 5.e3 a6 6.Qc2 Be7 7.Nc3 O-O 8.b3 Re8 9.Bb2 Bf8
10.Bd3 g6 11.O-O Bg7 12.Rad1 Ne7 13.Rfe1 c6 14.e4 b5 15.e5 Nd7 16.c5 Nf5
17.Ne2 Ra7 18.Bc1 h6 19.Nf4 Nf8 20.g3 Nh7 21.h4 Qe7 22.Kg2 h5 23.Re2 Qf8
24.Rde1 Rae7 25.Bd2 Bh6 26.Bxf5 exf5 27.e6 Bxf4 28.exf7+ Qxf7 29.Bxf4 Rxe2
30.Rxe2 Re6 31.Be5 Bd7 32.Qd2 Be8 33.Qa5 f4 34.Qxa6 Qf5 35.Qb7 Bf7 36.Re1 fxg3
37.fxg3 g5 38.Rf1 gxh4 39.Nxh4 Qe4+ 40.Rf3 Ng5 41.Qc8+ Re8 42.Qf5 Nxf3 43.Qxf3 Ra8
44.Nf5 Rxa3 45.Ne7+ Kf8 46.Qxe4 dxe4 47.Nxc6 Rxb3 48.Na7 Bd5  0-1

[Event "Mediterranean Flower WGM"]
[Site "Rijeka CRO"]
[Date "2005.03.09"]
[Round "6"]
[White "Srebrnic,A"]
[Black "Ionica,I"]
[Result "1-0"]
[WhiteElo "2226"]
[BlackElo "2240"]

1.d4 Nf6 2.c4 Nc6 3.Nc3 e5 4.d5 Ne7 5.e4 Ng6 6.h4 h5 7.Bg5 Be7 8.Be2 d6 9.g3 Ng4
10.Bd2 c6 11.Nh3 Qb6 12.Qb3 Qc7 13.Ng5 f6 14.Nh3 Nf8 15.f3 Nh6 16.Be3 Bd7
17.O-O-O c5 18.Nf2 f5 19.Bg5 Nf7 20.Bxe7 Kxe7 21.exf5 Bxf5 22.Bd3 Bxd3 23.Rxd3 Nd7
24.Nfe4 Raf8 25.Ng5 Nxg5 26.hxg5 Kd8 27.Ne4 Nb6 28.Qc2 g6 29.Ra3 Nc8 30.Nf6 a6
31.Qxg6 Nb6 32.Rc3 Nd7 33.Ne4 Rhg8 34.Qxh5 b5 35.g6 Nf6 36.Qh4 Qe7 37.Ng5 Rxg6
38.Ne6+ Kd7 39.Nxf8+ Qxf8 40.cxb5 axb5 41.Ra3 Kc7 42.Rd3 Qg8 43.g4 Kb6 44.Qh8 c4
45.Qxg8 Rxg8 46.Rdd1 Kc5 47.Rdg1 Nxd5 48.g5 Nf4 49.Kd2 b4 50.Rh6 c3+ 51.bxc3 bxc3+
52.Ke3 d5 53.g6 Rg7 54.Rh8 Rxg6 55.Rc8+ Kd6 56.Rxg6+ Nxg6 57.Kd3 d4 58.a4 Nf4+
59.Kc2 Nd5 60.a5 Nb4+ 61.Kb3 c2 62.Kxb4 d3 63.Kb3  1-0

[Event "Open"]
[Site "Blackpool ENG"]
[Date "2005.03.12"]
[Round "3"]
[White "Morrison,G SCO"]
[Black "Palliser,R"]
[Result "0-1"]
[WhiteElo "2305"]
[BlackElo "2402"]

1.d4 Nf6 2.c4 Nc6 3.Nf3 e6 4.g3 d5 5.Bg2 dxc4 6.Qa4 Bb4+ 7.Bd2 Nd5 8.Bxb4 Nxb4
9.a3 b5 10.Qd1 Nd5 11.O-O O-O 12.Qc2 Bb7 13.Rd1 Qe7 14.e4 Nb6 15.Nc3 a6 16.Re1 Na5
17.Rad1 Nb3 18.e5 Rfd8 19.Ne4 h6 20.h4 c5 21.dxc5 Bxe4 22.Rxe4 Qxc5 23.Rde1 Rd3
24.g4 Rad8 25.g5 Rd2  0-1

[Event "US Amateur Team East"]
[Site "Parsippany USA"]
[Date "2005.03.21"]
[Round "6"]
[White "Cherniack,A"]
[Black "Benen,S"]
[Result "1/2-1/2"]
[WhiteElo "2238"]
[BlackElo "2339"]

1.d4 Nf6 2.c4 Nc6 3.Nc3 e5 4.d5 Ne7 5.g3 d6 6.Bg2 g6 7.f4 exf4 8.Bxf4 Bg7
9.Nf3 O-O 10.O-O Re8 11.e4 Bg4 12.Qd2 Bxf3 13.Bxf3 Nd7 14.Be2 Ne5 15.Nb5 Nc8
16.Rac1 a6 17.Nd4 Nd7 18.Bf3 Nc5 19.Rfe1 Qf6 20.Rcd1 Nb6 21.b3 Ncd7 22.Bg2 Qe7
23.Nf3 Ne5 24.Nd4 Nbd7 25.Qc2 Nb6 26.Re2 h5 27.Nf3 Nxf3+ 28.Bxf3 Nd7 29.Qd2 a5
30.Rde1 b6 31.Rg2 Qf6 32.Bd1 Qd4+ 33.Qxd4 Bxd4+ 34.Kf1 Re7 35.Bc2 Kg7 36.Bd2 Rae8
37.Rge2 Bf6 38.Kg2 Nc5 39.Kf3 Nd7 40.Kg2 Nc5 41.Kf3 Nd7 42.Kg2 Kh7 43.Rf1 Kg7
44.Rfe1  1/2-1/2

[Event "XXXXII Open"]
[Site "La Roda ESP"]
[Date "2005.03.23"]
[Round "1"]
[White "Gonzalez Berruga,A"]
[Black "Llobel Cortell,E"]
[Result "1-0"]
[WhiteElo "1979"]
[BlackElo "2416"]

1.d4 Nf6 2.c4 Nc6 3.Nf3 e6 4.Bg5 h6 5.Bh4 Bb4+ 6.Nc3 g5 7.Bg3 Ne4 8.Rc1 d5
9.e3 h5 10.h3 Nxg3 11.fxg3 Bd6 12.Kf2 h4 13.g4 Bg3+ 14.Kg1 f6 15.Qc2 Ne7
16.Ne2 c6 17.Nxg3 hxg3 18.Bd3 Bd7 19.c5 Qc7 20.Bg6+ Kf8 21.Kf1 Kg7 22.Bd3 Be8
23.Ke2 Bg6 24.b4 Bxd3+ 25.Qxd3 Ng6 26.Rhf1 Rae8 27.Kd2 Re7 28.Rce1 Rhe8 29.a4 b6
30.Qc3 Rb8 31.Rb1 Rb7 32.Rfe1 b5 33.Ra1 Qb8 34.a5 e5 35.Rf1 Re8 36.dxe5 Nxe5
37.Nxe5 Rxe5 38.Rf3 Rbe7 39.Raf1 R7e6 40.Rxg3 d4 41.exd4 Rd5 42.Re3 Rxe3
43.Qxe3 Qe5 44.Qxe5 fxe5 45.Rf5 Rxd4+ 46.Kc3 Rc4+ 47.Kb3 e4 48.Rxg5+ Kf6
49.Rf5+ Ke6 50.Rf8 Ke5 51.g5 Rd4 52.g4 Rd3+ 53.Kc2 Rd7 54.h4 Kd4 55.g6 Ke3
56.Re8 Rd2+ 57.Kc1 Ke2 58.Rxe4+  1-0

[Event "Open"]
[Site "Coventry ENG"]
[Date "2005.03.24"]
[Round "1"]
[White "Mansson,J"]
[Black "Hagesaether,H"]
[Result "0-1"]
[WhiteElo "2093"]
[BlackElo "2258"]

1.d4 Nf6 2.c4 Nc6 3.Nf3 d6 4.Nc3 e5 5.d5 Ne7 6.e4 Ng6 7.g3 Be7 8.h4 Nf8 9.Bd2 c6
10.Be2 cxd5 11.cxd5 a6 12.Nh2 N8d7 13.b4 O-O 14.O-O Nb6 15.Re1 Bd7 16.Nf1 Rc8
17.Ne3 Rxc3 18.Bxc3 Nxe4 19.Bb2 f5 20.Bd3 Qe8 21.Nc4 Nxc4 22.Bxc4 Bd8 23.Qd3 Qg6
24.Kf1 Bb6 25.Re2 Qg4 26.Ke1 Qh3 27.Qf3 Qh2 28.Kd1 Ba4+ 29.Bb3 Bb5 30.Re1 Nxf2+  0-1

[Event "Open"]
[Site "Coventry ENG"]
[Date "2005.03.27"]
[Round "6"]
[White "Wu,L"]
[Black "Conquest,S"]
[Result "0-1"]
[WhiteElo "2247"]
[BlackElo "2513"]

1.d4 Nf6 2.c4 Nc6 3.Nf3 e6 4.Nc3 Bb4 5.Qc2 d6 6.a3 Bxc3+ 7.Qxc3 Qe7 8.g3 O-O
9.Bg2 e5 10.dxe5 dxe5 11.b4 Rd8 12.Be3 a6 13.O-O Bg4 14.Rfe1 Ne4 15.Qc2 Nd6
16.Nd2 Nf5 17.Bc5 Qe6 18.Bxc6 Qxc6 19.f3 Bh3 20.Ne4 b6 21.Bf2 Qg6 22.Qb2 Nd4
23.Bxd4 Rxd4 24.Nf2 Be6 25.e3 Rxc4 26.Qxe5 Rd8 27.Rac1 Rd5 28.Qb2 b5 29.Rxc4 bxc4
30.Qc3 Rf5 31.e4 Rh5 32.f4 Qh6 33.f5 Bd7 34.Ng4 Qb6+ 35.Kg2 Bc6 36.Qe5 c3
37.Rc1 Qb5  0-1

[Event "Open"]
[Site "Coventry ENG"]
[Date "2005.03.27"]
[Round "7"]
[White "Nelson,O"]
[Black "Hagesaether,H"]
[Result "1-0"]
[WhiteElo "2094"]
[BlackElo "2258"]

1.d4 Nf6 2.c4 Nc6 3.Nc3 e5 4.d5 Ne7 5.Nf3 d6 6.Qc2 Ng6 7.e3 Be7 8.Bd3 O-O
9.h4 Nh5 10.Bf5 Bxf5 11.Qxf5 Nf6 12.h5 Nh8 13.Rh3 Qc8 14.Nh4 Ne8 15.Qxc8 Rxc8
16.Nf5 Bd8 17.Rg3 f6 18.Nh6+  1-0

[Event "ch-EU"]
[Site "Cork IRL"]
[Date "2005.03.31"]
[Round "10"]
[White "Almond,R"]
[Black "Rossi,C"]
[Result "0-1"]
[WhiteElo "2149"]
[BlackElo "2367"]

1.d4 Nf6 2.c4 Nc6 3.Nf3 e6 4.Nc3 d6 5.e4 g6 6.Be2 Bg7 7.O-O O-O 8.Bg5 h6
9.Bh4 g5 10.Bg3 Nh5 11.d5 Ne7 12.Nd2 Nf4 13.Bxf4 gxf4 14.Rc1 Ng6 15.b4 Kh8
16.Nf3 a6 17.c5 Ne5 18.Qd2 Nxf3+ 19.Bxf3 Be5 20.Kh1 Qh4 21.cxd6 cxd6 22.Na4 exd5
23.Qxd5 Be6 24.Qd2 Rg8 25.Rg1 Rg3 26.Qe2 Rag8 27.Nb6 R8g5 28.Qf1 Rxf3 29.gxf3 Qh5
30.Qe2 Qxh2+ 31.Kxh2 Rh5+ 32.Kg2 Bh3+  0-1

[Event "It D"]
[Site "Dos Hermanas ESP"]
[Date "2005.04.01"]
[Round "1"]
[White "Pereira Figueroa,M"]
[Black "Melero Fidalgo,J"]
[Result "1-0"]
[WhiteElo "2089"]
[BlackElo "2207"]

1.d4 Nf6 2.c4 Nc6 3.Nc3 e5 4.d5 Ne7 5.e4 Ng6 6.Be3 Bb4 7.Bd3 O-O 8.f3 Bxc3+
9.bxc3 Nh5 10.Nh3 d6 11.Nf2 Nhf4 12.Bf1 Ne7 13.g3 Nfg6 14.Bg2 f5 15.O-O f4
16.Bd2 Bd7 17.Nd3 Rc8 18.Qb3 b6 19.a4 a5 20.c5 bxc5 21.Nxc5 dxc5 22.d6+ Kh8
23.dxe7 Qxe7 24.c4 Rb8 25.Qc2 Be6 26.Bxa5 Rfd8 27.Rfb1 Ra8 28.Be1 Rd4 29.Bf1 Qd6
30.Bc3 Bxc4 31.Bxd4 Qxd4+ 32.Qf2 Bxf1 33.Qxd4 exd4 34.Kxf1 fxg3 35.hxg3 Ne5
36.Rb5 Nd3 37.a5 Nb4 38.a6 Nc2 39.a7  1-0

[Event "HB Global CC"]
[Site "Minneapolis USA"]
[Date "2005.05.19"]
[Round "2"]
[White "Mikhalevski,V"]
[Black "Ginsburg,M"]
[Result "1-0"]
[WhiteElo "2572"]
[BlackElo "2354"]

1.d4 Nf6 2.c4 Nc6 3.Nf3 e6 4.g3 Bb4+ 5.Bd2 Qe7 6.Bg2 Bxd2+ 7.Nbxd2 O-O 8.O-O d6
9.e4 e5 10.d5 Nb8 11.Ne1 a5 12.Nd3 Na6 13.f4 Ng4 14.Qe2 f6 15.a3 a4 16.Nb1 Nh6
17.Nc3 Bd7 18.Qc2 Qe8 19.fxe5 fxe5 20.Rxf8+ Kxf8 21.c5 Kg8 22.b4 axb3 23.Qxb3 Rb8
24.c6 bxc6 25.Qc4 Rb6 26.dxc6+ Be6 27.Nd5 Nf7 28.Bh3 Bxd5 29.exd5 Ng5 30.Bg4 h5
31.Be2 e4 32.Nf4 Nc5 33.Rf1 g6 34.h4 Nf3+ 35.Bxf3 exf3 36.Ne6 Nxe6 37.dxe6 Rxc6
38.Qb5 Qa8 39.e7 Kh7 40.Qd5 Qe8 41.Qxf3  1-0

[Event "ch-UKR sf"]
[Site "Alushta UKR"]
[Date "2005.05.20"]
[Round "5"]
[White "Gasanov,E"]
[Black "Hatchatrian,S"]
[Result "1-0"]
[WhiteElo "2438"]
[BlackElo "2308"]

1.d4 Nf6 2.c4 Nc6 3.Nf3 e6 4.Nc3 Bb4 5.Qc2 Qe7 6.Bd2 O-O 7.a3 Bxc3 8.Bxc3 a5
9.e4 d6 10.e5 dxe5 11.dxe5 Nd7 12.Bd3 h6 13.Qe2 Nc5 14.Bc2 a4 15.O-O-O b6
16.g4 Bb7 17.Rhg1 Na5 18.g5 Nxc4 19.gxh6 g6 20.Ng5 b5 21.Bb4 Nb3+ 22.Bxb3 c5
23.Bxc4 cxb4 24.Bxb5 bxa3 25.Kb1 Rab8 26.Rd7 Qb4 27.Rg4 Qc5 28.Nxf7 Rxf7
29.Rxg6+ Kh8 30.Rxf7 Bd5 31.Rg1 a2+ 32.Ka1 a3 33.h7 Qd4 34.Qc2 Qb4  1-0

[Event "Dueball mem"]
[Site "Solingen GER"]
[Date "2005.05.26"]
[Round "5"]
[White "Pajeken,W"]
[Black "Auer,M"]
[Result "0-1"]
[WhiteElo "2361"]
[BlackElo "2338"]

1.d4 Nf6 2.c4 Nc6 3.Nf3 e6 4.g3 Bb4+ 5.Nbd2 d5 6.Bg2 Ne4 7.O-O f5 8.a3 Be7
9.Qc2 Bf6 10.e3 a5 11.b3 O-O 12.Bb2 Bd7 13.Ne5 Be8 14.Nxc6 Bxc6 15.Rac1 Qe7
16.f3 Nxd2 17.Qxd2 a4 18.Bc3 Rfd8 19.Bb4 Qd7 20.bxa4 dxc4 21.Rxc4 Rxa4 22.Qc2 Raa8
23.Qc3 Qe8 24.Rxc6 Qxc6 25.Qxc6 bxc6 26.f4 Ra6 27.Rc1 Kf7 28.Bxc6 Rb8 29.Bf3 Bd8
30.Kf2 Rab6 31.g4 fxg4 32.Bxg4 c6 33.Bh5+ g6 34.Bf3 Rc8 35.d5 exd5 36.Bxd5+ Ke8
37.Kf3 Be7 38.Be6 Ra8 39.f5 Bxb4 40.axb4 Ke7 41.e4 Kf6 42.Bd7 Raa6 43.fxg6 hxg6
44.Be8 Ke7 45.Bxg6 c5 46.Bf5 cxb4 47.e5 Ra7 48.Rg1 Kf8 49.Rg2 b3 50.Be4 b2
51.Rg8+  0-1